000 00865nmm a2200277 a 4500
001 ocm000964953
003 TR-IsHL
005 20201028150743.0
008 150110s2014 tu tur
007 cr cn
020 _a9786055315085
035 _a964953
_b(N$T)
050 0 4 _aHM467
_b.H748 2014
090 0 4 _aHM467
_b.H748 2014
100 1 _aHolz, Hans Heinz
245 1 0 _aFrankfurt okulu eleştirisi
_h[electronic resource] /
_cHans Heinz Holz
250 _a2. bs.
260 _aİstanbul :
_bEvrensel Basım Yayın,
_c2014
300 _a145 p.
650 4 _aSosyoloji
650 4 _aSociology
650 0 _aFrankfurt Sosyoloji Okulu
650 0 _aFrankfurt school of sociology
650 7 _aSOCIAL SCIENCE / Sociology / General
_2bisacsh
856 4 0 _uhttp://search.ebscohost.com/login.aspx?direct=true&scope=site&db=e011xww&AN=964953
999 _c10642
_d10642